00720cam a2200229Ma 45000010006000000050017000060080041000230350023000640400025000870350020001120840016001320490009001481000026001572450069001832600037002523000021002894400027003109420012003379940014003499990019003639520108003824106120230411085956.0910918s1971 sp 000 0 spa d a(OCoLC)ocm48318095 aEL$bspacEL$dOCLCQ a(OCoLC)48318095 a329bCh479p aGRAL1 aCharlot, Jean,d1898.14aLos partidos políticos /cTraducción de M. Baras y J. Rodes. aBarcelona :bA. Redondo,c[1971] a246 p. ;c18 cm. 0aColección Beta ;v13 2lcccbk aC0bDRFGD c110307d110307 00102lcc40708APTaBJBbBJBcAPTd2023-04-11l0p00000042176r2019-02-17 00:00:00t1w2019-02-17ybk